<?xml version="1.0" encoding="UTF-8"?>
<record
    xmlns:xsi="http://www.w3.org/2001/XMLSchema-instance"
    xsi:schemaLocation="http://www.loc.gov/MARC21/slim http://www.loc.gov/standards/marcxml/schema/MARC21slim.xsd"
    xmlns="http://www.loc.gov/MARC21/slim">

  <leader>01626nam a22002537a 4500</leader>
  <datafield tag="999" ind1=" " ind2=" ">
    <subfield code="c">92657</subfield>
    <subfield code="d">92657</subfield>
  </datafield>
  <controlfield tag="005">20231226162039.0</controlfield>
  <controlfield tag="008">170327b        th ||||| |||| 00| 0 tha d</controlfield>
  <datafield tag="020" ind1=" " ind2=" ">
    <subfield code="a">9786163958235</subfield>
  </datafield>
  <datafield tag="040" ind1=" " ind2=" ">
    <subfield code="a">NALT</subfield>
  </datafield>
  <datafield tag="050" ind1=" " ind2=" ">
    <subfield code="a">S 494.5.S86</subfield>
    <subfield code="b">&#xE0A;162&#xE01; 2560</subfield>
  </datafield>
  <datafield tag="100" ind1="0" ind2=" ">
    <subfield code="a">&#xE0A;&#xE1E;&#xE34;&#xE01;&#xE32; &#xE2A;&#xE31;&#xE07;&#xE02;&#xE1E;&#xE34;&#xE17;&#xE31;&#xE01;&#xE29;&#xE4C;</subfield>
    <subfield code="9">3965</subfield>
  </datafield>
  <datafield tag="245" ind1="1" ind2="0">
    <subfield code="a">&#xE01;&#xE32;&#xE23;&#xE40;&#xE01;&#xE29;&#xE15;&#xE23;&#xE40;&#xE0A;&#xE34;&#xE07;&#xE1E;&#xE2B;&#xE38;&#xE20;&#xE32;&#xE23;&#xE01;&#xE34;&#xE08;: &#xE41;&#xE19;&#xE27;&#xE04;&#xE34;&#xE14;&#xE21;&#xE32;&#xE15;&#xE23;&#xE01;&#xE32;&#xE23;&#xE01;&#xE32;&#xE23;&#xE40;&#xE01;&#xE29;&#xE15;&#xE23;&#xE40;&#xE0A;&#xE34;&#xE07;&#xE2D;&#xE19;&#xE38;&#xE23;&#xE31;&#xE01;&#xE29;&#xE4C;&#xE40;&#xE1E;&#xE37;&#xE48;&#xE2D;&#xE01;&#xE32;&#xE23;&#xE1E;&#xE31;&#xE12;&#xE19;&#xE32;&#xE2D;&#xE22;&#xE48;&#xE32;&#xE07;&#xE22;&#xE31;&#xE48;&#xE07;&#xE22;&#xE37;&#xE19;&#xE41;&#xE25;&#xE30;&#xE01;&#xE32;&#xE23;&#xE40;&#xE08;&#xE23;&#xE34;&#xE0D;&#xE40;&#xE15;&#xE34;&#xE1A;&#xE42;&#xE15;&#xE2A;&#xE35;&#xE40;&#xE02;&#xE35;&#xE22;&#xE27;&#xE02;&#xE2D;&#xE07;&#xE1B;&#xE23;&#xE30;&#xE40;&#xE17;&#xE28;&#xE44;&#xE17;&#xE22; /</subfield>
    <subfield code="c">&#xE42;&#xE14;&#xE22; &#xE0A;&#xE1E;&#xE34;&#xE01;&#xE32; &#xE2A;&#xE31;&#xE07;&#xE02;&#xE1E;&#xE34;&#xE17;&#xE31;&#xE01;&#xE29;&#xE4C;.</subfield>
  </datafield>
  <datafield tag="250" ind1=" " ind2=" ">
    <subfield code="a">&#xE1E;&#xE34;&#xE21;&#xE1E;&#xE4C;&#xE04;&#xE23;&#xE31;&#xE49;&#xE07;&#xE17;&#xE35;&#xE48; 1</subfield>
  </datafield>
  <datafield tag="260" ind1=" " ind2=" ">
    <subfield code="a">&#xE01;&#xE23;&#xE38;&#xE07;&#xE40;&#xE17;&#xE1E;&#xE2F; :</subfield>
    <subfield code="b">&#xE2A;&#xE16;&#xE32;&#xE1A;&#xE31;&#xE19;&#xE04;&#xE25;&#xE31;&#xE07;&#xE2A;&#xE21;&#xE2D;&#xE07;&#xE02;&#xE2D;&#xE07;&#xE0A;&#xE32;&#xE15;&#xE34;,</subfield>
    <subfield code="c">2560.</subfield>
  </datafield>
  <datafield tag="300" ind1=" " ind2=" ">
    <subfield code="a">90 &#xE2B;&#xE19;&#xE49;&#xE32; :</subfield>
    <subfield code="b">&#xE20;&#xE32;&#xE1E;&#xE1B;&#xE23;&#xE30;&#xE01;&#xE2D;&#xE1A;, &#xE15;&#xE32;&#xE23;&#xE32;&#xE07; ;</subfield>
    <subfield code="c">25 &#xE0B;&#xE21;.</subfield>
  </datafield>
  <datafield tag="650" ind1=" " ind2="4">
    <subfield code="a">&#xE01;&#xE32;&#xE23;&#xE40;&#xE01;&#xE29;&#xE15;&#xE23;&#xE40;&#xE0A;&#xE34;&#xE07;&#xE1E;&#xE2B;&#xE38;&#xE20;&#xE32;&#xE23;&#xE01;&#xE34;&#xE08;</subfield>
    <subfield code="9">3966</subfield>
  </datafield>
  <datafield tag="650" ind1=" " ind2="4">
    <subfield code="a">&#xE40;&#xE01;&#xE29;&#xE15;&#xE23;&#xE01;&#xE23;&#xE23;&#xE21;&#xE41;&#xE1A;&#xE1A;&#xE22;&#xE31;&#xE48;&#xE07;&#xE22;&#xE37;&#xE19;</subfield>
    <subfield code="9">3967</subfield>
  </datafield>
  <datafield tag="700" ind1="0" ind2=" ">
    <subfield code="a">&#xE1B;&#xE34;&#xE22;&#xE30;&#xE17;&#xE31;&#xE28;&#xE19;&#xE4C; &#xE1E;&#xE32;&#xE2C;&#xE2D;&#xE19;&#xE38;&#xE23;&#xE31;&#xE01;&#xE29;&#xE4C;</subfield>
    <subfield code="e">&#xE1A;&#xE23;&#xE23;&#xE13;&#xE32;&#xE18;&#xE34;&#xE01;&#xE32;&#xE23;</subfield>
    <subfield code="9">3968</subfield>
  </datafield>
  <datafield tag="700" ind1="0" ind2=" ">
    <subfield code="a">&#xE27;&#xE23;&#xE20;&#xE31;&#xE17;&#xE23; &#xE08;&#xE34;&#xE15;&#xE23;&#xE44;&#xE1E;&#xE28;&#xE32;&#xE25;&#xE28;&#xE23;&#xE35;</subfield>
    <subfield code="e">&#xE1A;&#xE23;&#xE23;&#xE13;&#xE32;&#xE18;&#xE34;&#xE01;&#xE32;&#xE23;</subfield>
    <subfield code="9">3969</subfield>
  </datafield>
  <datafield tag="700" ind1="0" ind2=" ">
    <subfield code="a">&#xE2A;&#xE21;&#xE1E;&#xE23; &#xE2D;&#xE34;&#xE28;&#xE27;&#xE34;&#xE25;&#xE32;&#xE19;&#xE19;&#xE17;&#xE4C;</subfield>
    <subfield code="e">&#xE1A;&#xE23;&#xE23;&#xE13;&#xE32;&#xE18;&#xE34;&#xE01;&#xE32;&#xE23;</subfield>
    <subfield code="9">3970</subfield>
  </datafield>
  <datafield tag="850" ind1=" " ind2=" ">
    <subfield code="a">NALT</subfield>
  </datafield>
  <datafield tag="942" ind1=" " ind2=" ">
    <subfield code="2">lcc</subfield>
    <subfield code="c">GB</subfield>
    <subfield code="0">12</subfield>
  </datafield>
  <datafield tag="998" ind1=" " ind2=" ">
    <subfield code="j">8</subfield>
    <subfield code="k"> &#xE19;&#xE32;&#xE22;&#xE1A;&#xE31;&#xE13;&#xE11;&#xE34;&#xE15;  &#xE2D;&#xE38;&#xE17;&#xE32;&#xE27;&#xE07;&#xE04;&#xE4C;</subfield>
  </datafield>
  <datafield tag="952" ind1=" " ind2=" ">
    <subfield code="0">0</subfield>
    <subfield code="1">0</subfield>
    <subfield code="2">lcc</subfield>
    <subfield code="4">0</subfield>
    <subfield code="7">0</subfield>
    <subfield code="8">CGBL</subfield>
    <subfield code="a">NALT</subfield>
    <subfield code="b">NALT</subfield>
    <subfield code="d">2017-03-27</subfield>
    <subfield code="l">12</subfield>
    <subfield code="m">10</subfield>
    <subfield code="o">S 494.5.S86 &#xE0A;162&#xE01; 2560</subfield>
    <subfield code="p">3961205916</subfield>
    <subfield code="r">2024-01-09 00:00:00</subfield>
    <subfield code="s">2023-12-26</subfield>
    <subfield code="t">&#xE09;.1</subfield>
    <subfield code="w">2017-03-27</subfield>
    <subfield code="y">GB</subfield>
  </datafield>
  <datafield tag="952" ind1=" " ind2=" ">
    <subfield code="0">0</subfield>
    <subfield code="1">0</subfield>
    <subfield code="2">lcc</subfield>
    <subfield code="4">0</subfield>
    <subfield code="7">0</subfield>
    <subfield code="8">CGBL</subfield>
    <subfield code="a">NALT</subfield>
    <subfield code="b">NALT</subfield>
    <subfield code="d">2017-03-27</subfield>
    <subfield code="l">0</subfield>
    <subfield code="o">S 494.5.S86 &#xE0A;162&#xE01; 2560</subfield>
    <subfield code="p">3961205917</subfield>
    <subfield code="r">2017-06-14 00:00:00</subfield>
    <subfield code="t">&#xE09;.2</subfield>
    <subfield code="w">2017-03-27</subfield>
    <subfield code="y">GB</subfield>
  </datafield>
  <datafield tag="952" ind1=" " ind2=" ">
    <subfield code="0">0</subfield>
    <subfield code="1">0</subfield>
    <subfield code="2">lcc</subfield>
    <subfield code="4">0</subfield>
    <subfield code="7">0</subfield>
    <subfield code="8">CSEN</subfield>
    <subfield code="a">NALT</subfield>
    <subfield code="b">NALT</subfield>
    <subfield code="c">GEN</subfield>
    <subfield code="d">2024-05-23</subfield>
    <subfield code="l">0</subfield>
    <subfield code="o">S 494.5.S86 &#xE0A;162&#xE01; 2560</subfield>
    <subfield code="p">0100008669001</subfield>
    <subfield code="r">2024-05-23 00:00:00</subfield>
    <subfield code="w">2024-05-23</subfield>
    <subfield code="y">GB</subfield>
  </datafield>
</record>
